000 00734nam a2200253Ia 4500
003 OSt
005 20220927105306.0
006 a|||||r|||| 00| 0
007 ta
008 220926b |||||||| |||| 00| 0 eng d
020 _a8173042241
024 _a154275
037 _cReference Collections
040 _aRTL
_cRTL
_beng
041 _2eng
_aeng
082 _a"X9(M7).2.N9, N8"
100 _aUCHIKAWA Shuji
_9371435
245 0 _aIndian textile industry
_b" State policy , liberalization and growth"
260 _aNew
_bDelhi Manohar
_c1989
300 _a197p
_ccm.
650 _aEconomics
942 _h"X9(M7).2.N9, N8"
_cCC
999 _c691623
_d691623